Associez ces albums à leurs rappeurs français #2 - Statistiques

Statistiques générales
  • Ce quiz a été pris 1 198 fois
  • Le résultat moyen est 10 sur 20
Statistiques - réponses
Hint Réponse % Correct
L'homme au bob Gradur
73%
Une main lave l'autre Alpha Wann
70%
MVP Mister V
70%
1994 Hamza
68%
KMT Gazo
65%
Panthéon Booba
58%
ERRR La Fève
58%
Capo Dei Capi Alonzo
57%
L'affranchi Koba LaD
54%
Okou Gnakouri Kaaris
51%
Perdu d'avance Orelsan
49%
La fierté des nôtres Rohff
45%
Architecte Da Uzi
44%
Land Kekra
42%
Couleur de ma peine Zamdane
41%
Tant qu'on est là Hugo TSR
31%
19 MHD
28%
Indépendance Jul
27%
Requiem Lino
25%
Miraculé Niro
23%
Aucun quiz correspondant
Distribution des résultats
% des personnes avec chaque résultat
Percentile par nombre de réponses
Votre historique - résultats
Vous n’avez pas pris ce quiz